Gaming Quiz

Random Gaming or Nintendo Quiz

Super Mario Bros. Level 1-1 Quiz Stats

 Plays Quiz not verified by Sporcle

Score 0/20 Timer 04:00
0 Plays Today
Item % Correct
Mushroom
88.7%
Goomba
86.7%
Koopa Troopa
81.3%
Mario
78%
Flagpole
77.5%
Coins
77.2%
Pipes
76.9%
Blocks (The Stairs)
74.9%
Castle
72.4%
Clouds
68.4%
Item % Correct
Fire Flower
68.3%
Star
67.5%
Brick Block
59.9%
Sky
52.4%
Ground
50.1%
Coin Block
49.8%
1UP
48.6%
Bushes
38%
Hills
22.2%
Invisible Block
19.1%

You're not logged in!

Compare scores with friends on all Sporcle quizzes.
OR
Log In

Show Comments

Extras

Top Quizzes Today


Score Distribution

Your Account Isn't Verified!

In order to create a playlist on Sporcle, you need to verify the email address you used during registration. Go to your Sporcle Settings to finish the process.

Report this User

Report this user for behavior that violates our Community Guidelines.

Details: